Tvorba konkurenčnej výhody v období globálnej ekonomickej krízy
Tvorba a udržiavanie konkurenčnej výhody. Špecifikácia a metódy konkurenčnej výhody. Príčiny konkurenčnej výhody. Parametrická metóda naj... konkurenčných výhod produktu (NAJ). Trhová atraktivita ako miera konkurenčných výhod (TA).
Salvato in:
| Autore principale: | |
|---|---|
| Natura: | Capitolo di libro |
| Lingua: | slovacco |
| Soggetti: | |
| Tags: |
Nessun Tag, puoi essere il primo ad aggiungerne!!
|
MARC
| LEADER | 00000nla$a2200000$$$4500 | ||
|---|---|---|---|
| 001 | 0103961 | ||
| 005 | 20240502072132.6 | ||
| 041 | 0 | |a slo | |
| 044 | |a SK | ||
| 245 | 1 | 0 | |a Tvorba konkurenčnej výhody v období globálnej ekonomickej krízy |c Petra Pötheová |
| 520 | |a Tvorba a udržiavanie konkurenčnej výhody. Špecifikácia a metódy konkurenčnej výhody. Príčiny konkurenčnej výhody. Parametrická metóda naj... konkurenčných výhod produktu (NAJ). Trhová atraktivita ako miera konkurenčných výhod (TA). | ||
| 610 | 2 | 0 | |a kríza hospodárska |
| 610 | 2 | 0 | |a výhody konkurenčné |
| 610 | 2 | 0 | |a kríza finančná |
| 610 | 2 | 0 | |a podnik |
| 610 | 2 | 0 | |a prostredie podnikateľské |
| 100 | 1 | |a Pötheová, Petra | |